Sharah al-Arbaien al-nooviya (Record no. 1465879)

MARC details
000 -LEADER
fixed length control field 00726 a2200229 4500
005 - DATE AND TIME OF LATEST TRANSACTION
control field 20260209122503.0
008 - FIXED-LENGTH DATA ELEMENTS--GENERAL INFORMATION
fixed length control field 260209b |||||||| |||| 00| 0 eng d
020 ## - INTERNATIONAL STANDARD BOOK NUMBER
International Standard Book Number 9786038047958 (hbk)
037 ## - SOURCE OF ACQUISITION
Terms of availability TB
040 ## - CATALOGING SOURCE
Original cataloging agency CRL
Transcribing agency CRL
041 ## - LANGUAGE CODE
Source of code ARB
Language code of text/sound track or separate title ARB
084 ## - COLON CLASSIFICATION NUMBER
Classification number Q7:25 28R0
Item number CRL
100 ## - MAIN ENTRY--PERSONAL NAME
Personal name Dimshaqi, Muhiuddin Noovi
9 (RLIN) 854257
245 ## - TITLE STATEMENT
Title Sharah al-Arbaien al-nooviya
260 ## - PUBLICATION, DISTRIBUTION, ETC.
Place of publication, distribution, etc. Riadh, Saudi Arabia,
Name of publisher, distributor, etc. Zad group publishing:
Date of publication, distribution, etc. 2020.
300 ## - PHYSICAL DESCRIPTION
Extent 704p.
365 ## - TRADE PRICE
Price amount 1440.00
Currency code INR
650 ## - SUBJECT ADDED ENTRY--TOPICAL TERM
Topical term or geographic name entry element Islam
9 (RLIN) 1114567
650 ## - SUBJECT ADDED ENTRY--TOPICAL TERM
Topical term or geographic name entry element Hadith
9 (RLIN) 1114568
942 ## - ADDED ENTRY ELEMENTS (KOHA)
Koha item type Textbook
Source of classification or shelving scheme Colon Classification (CC)
Suppress in OPAC No
Classification part Q7:25 28R0
Holdings
Withdrawn status Lost status Source of classification or shelving scheme Damaged status Not for loan Home library Current library Date acquired Source of acquisition Cost, normal purchase price Inventory number Total Checkouts Full call number Barcode Date last seen Cost, replacement price Price effective from Koha item type
    Colon Classification (CC)     Central Library Central Library 2025-12-30 Nadwi Publications 1440.00 2020 & 29.12.2025   Q7:25 28R0 CL1925083 2025-12-30 1800.00 2025-12-30 Textbook
Copyright @ Delhi University Library System